3 Least Populated Countries per Letter - Statistics

General Stats
  • This quiz has been taken 95 times
    45 since last reset
  • The average score is 43 of 65
Answer Stats
Hint Answer % Correct
A Andorra
92%
V Vatican City
92%
O Oman
89%
Q Qatar
89%
H Honduras
87%
A Antigua and Barbuda
84%
H Haiti
84%
M Monaco
84%
Y Yemen
84%
B Bahamas
82%
I Iceland
82%
I Ireland
82%
J Jamaica
82%
P Palau
82%
D Djibouti
79%
S Saint Kitts and Nevis
79%
Z Zambia
79%
S San Marino
76%
T Tuvalu
76%
U Uruguay
76%
Z Zimbabwe
76%
D Dominica
74%
H Hungary
74%
L Luxembourg
74%
D Denmark
71%
F Fiji
71%
I Israel
71%
J Jordan
71%
K Kiribati
71%
M Maldives
71%
N Nauru
71%
T Tonga
71%
J Japan
68%
K Kosovo
68%
L Liechtenstein
68%
V Vanuatu
68%
B Barbados
66%
E Estonia
63%
F Federated States of Micronesia
63%
F Finland
63%
G Grenada
63%
R Rwanda
63%
T Trinidad and Tobago
61%
B Belize
58%
E East Timor
58%
S Seychelles
58%
U Uzbekistan
58%
C Cape Verde
55%
C Comoros
55%
M Marshall Islands
53%
R Romania
53%
K Kuwait
50%
U United Arab Emirates
50%
G Guinea Bissau
47%
V Venezuela
47%
C Cyprus
45%
G Guyana
45%
A Albania
42%
P Panama
42%
N Namibia
39%
R Republic of the Congo
39%
N New Zealand
37%
E Equatorial Guinea
34%
L Lesotho
34%
P Paraguay
32%
No matching quizzes found
Score Distribution
Percent of People with Each Score
Percentile by Number Answered
Your Score History
You have not taken this quiz since the last reset